|
|
|
|
| LEADER |
00000caa a22000002c 4500 |
| 001 |
1912576155 |
| 003 |
DE-627 |
| 005 |
20250125055204.0 |
| 007 |
cr uuu---uuuuu |
| 008 |
241217s2003 xx |||||o 00| ||eng c |
| 024 |
7 |
|
|a 10.1046/j.1365-2389.2003.51310.x
|2 doi
|
| 035 |
|
|
|a (DE-627)1912576155
|
| 035 |
|
|
|a (DE-599)KXP1912576155
|
| 040 |
|
|
|a DE-627
|b ger
|c DE-627
|e rda
|
| 041 |
|
|
|a eng
|
| 084 |
|
|
|a 2,1
|2 ssgn
|
| 100 |
1 |
|
|a Greiner, K. Allen
|e VerfasserIn
|4 aut
|
| 245 |
1 |
0 |
|a Hospice usage by minorities in the last year of life: Results from the National Mortality Followback Survey
|
| 264 |
|
1 |
|c 2003
|
| 336 |
|
|
|a Text
|b txt
|2 rdacontent
|
| 337 |
|
|
|a Computermedien
|b c
|2 rdamedia
|
| 338 |
|
|
|a Online-Ressource
|b cr
|2 rdacarrier
|
| 700 |
1 |
|
|a Ahluwalia, Jasjit S.
|e VerfasserIn
|4 aut
|
| 773 |
0 |
8 |
|i Enthalten in
|a American Geriatrics Society
|t Journal of the American Geriatrics Society
|d Oxford [u.a.] : Wiley-Blackwell, 1953
|g 51(2003), 7, Seite 970-978
|h Online-Ressource
|w (DE-627)326173269
|w (DE-600)2040494-3
|w (DE-576)094114390
|x 1532-5415
|7 nnas
|
| 773 |
1 |
8 |
|g volume:51
|g year:2003
|g number:7
|g pages:970-978
|
| 787 |
0 |
8 |
|i Forschungsdaten
|a United States Department of Health and Human Services. Centers for Disease Control and Prevention. National Center for Health Statistics
|t National Mortality Followback Survey, 1993
|d [Erscheinungsort nicht ermittelbar] : [Verlag nicht ermittelbar], 2000
|w (DE-627)1840066482
|
| 856 |
4 |
0 |
|u https://doi.org/10.1046/j.1365-2389.2003.51310.x
|x Resolving-System
|z lizenzpflichtig
|3 Volltext
|7 1
|
| 935 |
|
|
|a mkri
|
| 951 |
|
|
|a AR
|
| ELC |
|
|
|a 1
|
| LOK |
|
|
|0 000 xxxxxcx a22 zn 4500
|
| LOK |
|
|
|0 001 4637541654
|
| LOK |
|
|
|0 003 DE-627
|
| LOK |
|
|
|0 004 1912576155
|
| LOK |
|
|
|0 005 20241217044536
|
| LOK |
|
|
|0 008 241217||||||||||||||||ger|||||||
|
| LOK |
|
|
|0 035
|a (DE-2619)ICPSR99576
|
| LOK |
|
|
|0 040
|a DE-2619
|c DE-627
|d DE-2619
|
| LOK |
|
|
|0 092
|o n
|
| LOK |
|
|
|0 852
|a DE-2619
|
| LOK |
|
|
|0 852 1
|9 00
|
| LOK |
|
|
|0 935
|a nacp
|
| LOK |
|
|
|0 939
|a 17-12-24
|b l01
|
| ORI |
|
|
|a SA-MARC-krimdoka001.raw
|